|
|
|
|
| LEADER |
00000nab a2200000 a 4500 |
| 001 |
vtls009960474 |
| 003 |
SK-MaSNL |
| 005 |
20260304154528.0 |
| 008 |
250507c2008 xo |||||||||||000 b|slo |
| 015 |
|
|
|a SNBRB2009/10
|2 snkbucl
|
| 035 |
|
|
|a (uuid)ba6afb5f-fc9c-4ed6-b80e-a5d2defda9ec
|
| 035 |
|
|
|a urn:nbn:sk:snk-ab9l6e
|
| 035 |
|
|
|a (urnnbn)urn:nbn:sk:snk:ar-a08ivu
|
| 038 |
|
|
|a SNKBUCL
|
| 040 |
|
|
|a SNKBUCL
|b slo
|c SNKBUCL
|e AACR2
|
| 041 |
0 |
|
|a eng
|b eng
|
| 044 |
|
|
|a xo
|c SK
|
| 080 |
|
|
|a 636.7.09:616-092.19
|2 1997
|
| 080 |
|
|
|a 636.7.087.8
|2 1997
|
| 245 |
0 |
0 |
|a Effect of probiotics on the level of non-specific immunity in immunosuppressed dogs
|c E. Haladová ... [et al.]
|
| 300 |
|
|
|b Tab.
|
| 504 |
|
|
|a Bibliogr. odkazy
|
| 546 |
|
|
|a Res. angl.
|
| 650 |
0 |
7 |
|a imunita (medicína)
|2 snkbucl
|9 1762
|
| 650 |
0 |
7 |
|a probiotiká
|2 snkbucl
|9 16784
|
| 650 |
0 |
7 |
|a Lactobacillus jensenii
|2 snkbucl
|9 1479304
|
| 650 |
0 |
7 |
|a imunitná reakcia
|2 snkbucl
|9 112610
|
| 650 |
0 |
7 |
|a psy
|2 snkbucl
|9 1288
|
| 700 |
1 |
|
|a Haladová, E.
|4 aut
|9 827744
|
| 700 |
1 |
|
|a Mojžišová, Jana,
|d 1963-
|4 aut
|9 195014
|
| 700 |
1 |
|
|a Čížek, Milan
|4 aut
|9 11312
|
| 700 |
1 |
|
|a Smrčo, P.
|4 aut
|9 648362
|
| 773 |
0 |
|
|t Folia veterinaria
|g Vol. LII, No. 1 (2008), s. 50-51
|x 0015-5748
|
| 850 |
|
|
|a Slovenská národná knižnica
|
| 852 |
|
|
|a Slovenská národná knižnica
|
| 958 |
|
|
|a article13
|
| 958 |
|
|
|a OND
|
| 958 |
|
|
|a NB
|
| 958 |
|
|
|a EUIPO
|
| 999 |
|
|
|c 2958049
|d 2959979
|